000
00327nam a2200133Ia 4500
008
200103s9999||||xx |||||||||||||| ||und||
040
_a
IMU-MPC
082
_a
Column-7
100
_a
Fernandes, Edrich
245
0
_a
Advanced Electronic Navigation
260
_b
LBS Nautical and ngineering college
300
_a
118
942
_c
BK
999
_c
3888
_d
3888